L'océan Arctique de A à Z - Statistiques

Statistiques générales
  • Ce quiz a été pris 846 fois
  • Le résultat moyen est 12 sur 26
Statistiques - réponses
Lettre Indices Réponses % Correct
D Pays auquel appartient le Groenland. Danemark
98%
E Pays auquel appartient l'Alaska. États-Unis
97%
I Abri construit en blocs de neige par les Inuits. Igloo
96%
Q Province canadienne francophone. Québec
90%
S Région froide de la Russie bordant l'océan Arctique. Sibérie
82%
G Cette constellation surnommée "casserole" se trouve près du pôle céleste. Grande ourse
79%
K Type de pirogue légère inventé par les Inuits. Kayak
78%
V Deuxième plus grande île du Canada, nommée en l'honneur d'une reine britannique. île {Victoria}
74%
O L'un des plus grands carnivores terrestres. Ours blanc
74%
R L'océan Arctique est la région du monde la plus touchée par cette modification des régimes météorologiques. {Réchauffement} {climatique}
72%
B Glace de mer se formant sur l'océan Arctique. Banquise arctique
71%
P Partie d'un sol gelé en permanence, propre aux régions côtières de l'Arctique. Pergélisol
60%
H Explorateur anglais donnant son nom à une baie Canadienne et un fleuve états-unien. Henry Hudson
56%
T Arme de destruction massive la plus puissante jamais utilisée, larguée par l'Union Soviétique en 1961 au-dessus de l'océan Arctique. Tsar Bomba
44%
Y Fleuve donnant son nom à l'un des trois territoires fédéraux du Canada. Yukon
34%
A Cet explorateur norvégien est le premier à atteindre le pôle Nord et le pôle Sud. Roald Amundsen
24%
C Se trouve à une latitude de 66° 34' N. Cercle arctique
22%
M Ville côtière la plus peuplée de l'Arctique, située en Russie. Mourmansk
22%
N Nom du phénomène concernant l'absence de lever de Soleil durant une journée. Nuit polaire
19%
Z Archipel russe arctique tirant son nom d'un autre archipel russe arctique. Nouvelle-{Zemble}
13%
L Célèbre magazine américain pour lequel travaille le héros du film La Vie rêvée de Walter Mitty. Life
12%
W Pseudo-confrontation entre le Canada et le Danemark pour le contrôle de l'île Hans. guerre du {Whisky}
7%
J Île norvégienne située sur une dorsale à 500km du Groenland. J{an} {Mayen}
7%
F Oiseau de l'Arctique ressemblant à un goéland et cousin de l'albatros. Fulmar
3%
U Ville la plus au Nord de l'Alaska. Utqiagvik
1%
X Minéral composé de phosphate d'yttrium que l'on retrouve principalement proche des pôles. Xénotime
1%
Aucun quiz correspondant
Distribution des résultats
% des personnes avec chaque résultat
Percentile par nombre de réponses
Votre historique - résultats
Vous n’avez pas pris ce quiz